| 000 | 00470nam a2200157Ia 4500 | ||
|---|---|---|---|
| 999 |
_c19609 _d19609 |
||
| 003 | OSt | ||
| 005 | 20200608113519.0 | ||
| 008 | 190216s9999||||xx |||||||||||||| ||und|| | ||
| 040 | _coclc | ||
| 082 |
_a342.54029 _bKAP/C |
||
| 100 |
_aKapour, A C _92617 |
||
| 245 | 0 |
_aConstitutional History Of India 1765-1984 / _cA C Kapour |
|
| 260 |
_bS Chand & Co, _c1984. _aNew Delhi: |
||
| 300 | _a872p | ||
| 942 |
_cBK _2ddc _h342.54029 _iKAP/C _k342.54029 _mKAP/C |
||